[Event "Julius Baer GC - Preliminari"]
[Site "Internet"]
[Date "20.09.2022"]
[Round "10"]
[White "Yoo, Christopher"]
[Black "Wojtaszek, Radoslaw"]
[Result "1-0"]
[WhiteTitle ""]
[BlackTitle ""]
[WhiteElo "2563"]
[BlackElo "2696"]
[WhiteFideId "30909694"]
[BlackFideId "1118358"]
[EventDate "2022.09.18"]

1. e4 c5 2. Nf3 d6 3. d4 cxd4 4. Nxd4 Nf6 5. Nc3 a6 6. Be3 e5 7. Nf3 Be7 8. Nd2
Ng4 9. Nc4 Nxe3 10. Nxe3 O-O 11. Be2 Nd7 12. Bg4 Bg5 13. Ned5 Nc5 14. Bxc8 Rxc8
15. O-O f5 16. exf5 Rxf5 17. b4 Ne6 18. Ne4 Rc6 19. Qg4 g6 20. Ng3 h5 21. Nxh5
Nc7 22. Rad1 Nxd5 23. Rxd5 Kf7 24. Ng3 Rf4 25. Qe2 Rxb4 26. Ne4 Be7 27. c3 Rb5
28. Rxb5 axb5 29. Qxb5 d5 30. Rd1 Rb6 31. Qe2 Qd7 32. c4 d4 33. c5 Ra6 34. Rb1
Qd5 35. Rb2 d3 36. Qf3+ Kg7 37. Rd2 Ra4 38. Nc3 Qxf3 39. gxf3 Rd4 40. Ne4 Kf7
41. Kf1 Ke6 42. Rb2 Kf5 43. Ke1 Rd7 44. Rb4 Bf8 45. Rb6 Be7 46. Rb4 Bf8 47. a4
Rc7 48. Rb6 Be7 49. Kd2 Rd7 50. Rb3 Rd4 51. Rxb7 Bd8 52. Ra7 Ke6 53. c6 Rc4 54.
Ra6 Kd5 55. Kxd3 Rd4+ 56. Ke3 Rc4 57. h3 Bc7 58. Kd3 Rd4+ 59. Kc2 Rc4+ 60. Kb3
Kd4 61. a5 Rc1 62. Ra8 Kd5 63. a6 Rxc6 64. a7 Ra6 65. Nc3+ Kc6 66. Nb5 Bb6 67.
Rc8+ Kxb5 68. a8=Q Rxa8 69. Rxa8 Bxf2 70. Rg8 1-0

[Event "Julius Baer GC - Preliminari"]
[Site "Internet"]
[Date "20.09.2022"]
[Round "11"]
[White "Wojtaszek, Radoslaw"]
[Black "Giri, Anish"]
[Result "0-1"]
[WhiteTitle ""]
[BlackTitle ""]
[WhiteElo "2696"]
[BlackElo "2764"]
[WhiteFideId "1118358"]
[BlackFideId "24116068"]
[EventDate "2022.09.18"]

1. d4 Nf6 2. c4 g6 3. Nc3 d5 4. cxd5 Nxd5 5. e4 Nxc3 6. bxc3 Bg7 7. Nf3 c5 8. h3
O-O 9. Be2 Nc6 10. Be3 cxd4 11. cxd4 Qa5+ 12. Bd2 Qa3 13. d5 Ne5 14. Rb1 Nxf3+
15. Bxf3 Qxa2 16. O-O a5 17. Re1 a4 18. Bb4 Re8 19. Qd3 b6 20. e5 Bf5 21. Be4
Bxe4 22. Qxe4 Rac8 23. Ra1 Qb3 24. Re3 Rc4 25. Rxb3 Rxe4 26. Rxa4 Bxe5 27. Ra7
Bd4 28. g3 Re2 29. Rf3 f5 30. Kf1 Re4 31. Ba3 h5 32. h4 Bf6 33. Rb7 Rd4 34. Rxb6
Rxd5 35. Bb2 Bxb2 36. Rxb2 Kf7 37. Rb7 Re5 38. Rbb3 Kf6 39. Rfe3 Rxe3 40. Rxe3
e5 41. Kg2 Re6 42. Ra3 g5 43. hxg5+ Kxg5 44. Ra8 Rg6 45. Ra4 e4 46. Ra5 h4 47.
Ra8 hxg3 48. Kxg3 Kf6+ 49. Kf4 Rg4+ 50. Ke3 Rh4 51. Rf8+ Ke6 52. Re8+ Kf7 53.
Ra8 Rh3+ 54. Ke2 Kf6 55. Kf1 Rb3 56. Kg2 Ke5 57. Re8+ Kf4 58. Re7 Rb2 59. Re8
Ra2 60. Re7 Re2 61. Ra7 Rb2 62. Re7 Rb8 63. Ra7 Rg8+ 64. Kf1 Kg4 65. Ra4 Rb8 66.
Kg2 Rb2 67. Rc4 Kg5 68. Kf1 Kf4 69. Rc5 Kg4 70. Rc4 f4 71. Rxe4 Kf3 72. Ra4 Rb1# 0-1

[Event "Julius Baer GC - Preliminari"]
[Site "Internet"]
[Date "20.09.2022"]
[Round "11"]
[White "Keymer, Vincent"]
[Black "Yoo, Christopher"]
[Result "1/2-1/2"]
[WhiteTitle ""]
[BlackTitle ""]
[WhiteElo "2693"]
[BlackElo "2563"]
[WhiteFideId "12940690"]
[BlackFideId "30909694"]
[EventDate "2022.09.18"]

1. c4 e5 2. d3 Nf6 3. Nf3 Nc6 4. a3 a5 5. Nc3 g6 6. g3 Bg7 7. Bg2 O-O 8. O-O d6
9. Rb1 Bd7 10. b4 axb4 11. axb4 Qc8 12. Bg5 Bh3 13. Bxf6 Bxf6 14. Nd5 Bd8 15.
Qd2 Bxg2 16. Kxg2 Ne7 17. Nc3 f5 18. c5 Qe6 19. Ra1 Rxa1 20. Rxa1 d5 21. Ra8 f4
22. Qa2 h6 23. b5 g5 24. h3 c6 25. Ne4 fxg3 26. fxg3 Nf5 27. g4 Ng7 28. Ng3 cxb5
29. e3 b6 30. c6 Qxc6 31. Nxe5 Qe6 32. d4 Bf6 33. Rxf8+ Kxf8 34. Qa3+ Kg8 35.
Qa8+ Kh7 36. Nf3 b4 37. Kf2 b3 38. Qa3 h5 39. Qxb3 hxg4 40. hxg4 Qxg4 41. Qxd5
Kg6 42. Qc6 Qe6 43. Qc2+ Kh6 44. Nh2 g4 45. d5 Qf7 46. Nxg4+ Kg5 47. Nxf6 Qxf6+
48. Ke2 Kg4 49. Ne4 Qf3+ 50. Kd3 Nf5 51. Qe2 Qxe2+ 52. Kxe2 Ne7 53. Nc3 Kf5 54.
e4+ Ke5 55. Kd3 Nc8 56. Nb5 Ne7 57. Kc4 Kxe4 58. d6 Nc6 59. Nc7 Ke5 60. Kb5 Kxd6
61. Kxb6 Ne5 62. Nb5+ Kd5 63. Nd4 Kxd4 1/2-1/2

[Event "Julius Baer GC - Preliminari"]
[Site "Internet"]
[Date "20.09.2022"]
[Round "11"]
[White "Adhiban, Baskarat"]
[Black "Ivanchuk, Vassily"]
[Result "1/2-1/2"]
[WhiteTitle ""]
[BlackTitle ""]
[WhiteElo "2603"]
[BlackElo "2678"]
[WhiteFideId "5018471"]
[BlackFideId "14100010"]
[EventDate "2022.09.18"]

1. c4 Nf6 2. Nf3 b6 3. g3 c5 4. Bg2 Bb7 5. b3 g6 6. Bb2 Bg7 7. d4 cxd4 8. Qxd4
d6 9. Nc3 Nbd7 10. O-O O-O 11. Rfd1 Ne4 12. Qe3 Nxc3 13. Bxc3 Bxc3 14. Qxc3 Qc7
15. Qe3 Nf6 16. Rd4 Kg7 17. Rad1 Rad8 18. Rh4 h5 19. Nd4 Bxg2 20. Nf5+ gxf5 21.
Qg5+ Kh7 22. Rxh5+ Nxh5 23. Qxh5+ Kg7 24. Qg5+ Kh8 25. Rd4 Be4 26. Rxe4 fxe4 27.
Qh5+ Kg8 28. Qg5+ Kh8 29. Qh5+ Kg8 30. Qg5+ Kh8 1/2-1/2

[Event "Julius Baer GC - Preliminari"]
[Site "Internet"]
[Date "20.09.2022"]
[Round "11"]
[White "Le, Quang Liem"]
[Black "Saric, Ivan"]
[Result "1/2-1/2"]
[WhiteTitle ""]
[BlackTitle ""]
[WhiteElo "2728"]
[BlackElo "2668"]
[WhiteFideId "12401137"]
[BlackFideId "14508150"]
[EventDate "2022.09.18"]

1. d4 Nf6 2. c4 g6 3. Nc3 Bg7 4. e4 d6 5. Nge2 O-O 6. Ng3 e5 7. d5 a5 8. h4 h5
9. Bg5 Qe8 10. Be2 Na6 11. Qd2 Nc5 12. f3 a4 13. O-O-O Bd7 14. Kb1 a3 15. b3 Nh7
16. Be3 f5 17. Bxc5 dxc5 18. d6 c6 19. Na4 Rxa4 20. bxa4 f4 21. Nf1 Qa8 22. a5
Rb8 23. Qc3 Nf8 24. Ka1 Ne6 25. Qxa3 b5 26. Nd2 Nd4 27. Bd3 b4 28. Qa4 Rb7 29.
Nb3 Ra7 30. Rd2 Bf8 31. Nxd4 Rxa5 32. Qc2 cxd4 33. c5 Kg7 34. Rb1 Qa7 35. Rxb4
Rxc5 36. Rb7 Rxc2 37. Rxa7 Rxd2 38. Rxd7+ Kh6 39. Bc4 g5 40. Rd8 Bxd6 41. Rxd6+
Kg7 42. Rd7+ Kh6 43. hxg5+ Kxg5 44. a4 Rc2 45. Bb3 Rc5 46. Kb2 Kh4 47. Rg7 d3
48. Rd7 Kg3 49. Rxd3 Kxg2 50. Rc3 Ra5 51. Rxc6 h4 52. Rg6+ Kxf3 53. Bd1+ Kxe4
54. Rh6 Ke3 55. Rxh4 e4 56. Kc3 f3 57. Rh3 Rc5+ 58. Kb4 Rc1 59. Bxf3 exf3 60. a5
Ke2 61. a6 Ra1 62. Kb5 f2 63. Rh2 Rxa6 64. Rxf2+ Kxf2 65. Kxa6 1/2-1/2

[Event "Julius Baer GC - Preliminari"]
[Site "Internet"]
[Date "20.09.2022"]
[Round "11"]
[White "Navara, David"]
[Black "Praggnanandhaa, Rameshbabu"]
[Result "1/2-1/2"]
[WhiteTitle ""]
[BlackTitle ""]
[WhiteElo "2681"]
[BlackElo "2676"]
[WhiteFideId "309095"]
[BlackFideId "25059530"]
[EventDate "2022.09.18"]

1. e4 c5 2. Nf3 e6 3. b3 Nc6 4. Bb2 a6 5. c4 Qc7 6. g3 Nf6 7. Nc3 Nd4 8. Bg2 d6
9. O-O Be7 10. Ne2 e5 11. Nh4 O-O 12. Nxd4 cxd4 13. Nf5 Rb8 14. Nxe7+ Qxe7 15.
d3 b5 16. Qd2 bxc4 17. bxc4 Qc7 18. Ba3 Nd7 19. Bh3 Nc5 20. Bxc8 Rfxc8 21. Bxc5
dxc5 22. Rfb1 Rxb1+ 23. Rxb1 Rb8 24. Rxb8+ Qxb8 25. Kg2 h6 26. Qa5 Qd6 27. Qa4
Kf8 28. Qb3 Qc7 29. Qa4 Qd6 30. Qb3 Qc7 31. h4 h5 32. Qa4 Qd6 33. Qb3 Qc7 34.
Qa4 Qd6 35. Qb3 Qc7 1/2-1/2

[Event "Julius Baer GC - Preliminari"]
[Site "Internet"]
[Date "20.09.2022"]
[Round "11"]
[White "Niemann, Hans"]
[Black "Aronian, Levon"]
[Result "1-0"]
[WhiteTitle ""]
[BlackTitle ""]
[WhiteElo "2688"]
[BlackElo "2759"]
[WhiteFideId "2093596"]
[BlackFideId "13300474"]
[EventDate "2022.09.18"]

1. e4 c5 2. Nf3 d6 3. d4 cxd4 4. Nxd4 Nf6 5. Nc3 a6 6. Bd3 g6 7. f3 Bg7 8. Be2
Nbd7 9. O-O b6 10. Be3 Bb7 11. Qd2 Qc7 12. g4 Ne5 13. g5 Nfd7 14. b3 e6 15. f4
Rc8 16. Ndb5 axb5 17. Nxb5 Qxc2 18. Nxd6+ Ke7 19. fxe5 Nxe5 20. Qb4 Qxe2 21.
Nf5+ 1-0

[Event "Julius Baer GC - Preliminari"]
[Site "Internet"]
[Date "20.09.2022"]
[Round "12"]
[White "Giri, Anish"]
[Black "Aronian, Levon"]
[Result "0-1"]
[WhiteTitle ""]
[BlackTitle ""]
[WhiteElo "2764"]
[BlackElo "2759"]
[WhiteFideId "24116068"]
[BlackFideId "13300474"]
[EventDate "2022.09.18"]

1. c4 Nf6 2. Nf3 e6 3. g3 d5 4. Bg2 d4 5. d3 Bb4+ 6. Nbd2 a5 7. Ne5 Nbd7 8. Nxd7
Nxd7 9. O-O O-O 10. Nf3 e5 11. e3 dxe3 12. Bxe3 c6 13. Qc2 Bd6 14. Rad1 c5 15.
Rfe1 Rb8 16. Bd2 b6 17. Bc3 Re8 18. Re3 Bb7 19. Rde1 f6 20. Nh4 Bxg2 21. Kxg2
Qc7 22. Qe2 Rf8 23. Qg4 Rf7 24. Nf5 Kh8 25. f4 Bf8 26. fxe5 Nxe5 27. Bxe5 fxe5
28. Rxe5 Rd8 29. R1e3 Rxd3 30. Qe4 Rd2+ 31. Re2 Qd7 32. Nh4 Rd4 33. Qa8 Rxh4 0-1

[Event "Julius Baer GC - Preliminari"]
[Site "Internet"]
[Date "20.09.2022"]
[Round "12"]
[White "Praggnanandhaa, Rameshbabu"]
[Black "Niemann, Hans"]
[Result "1/2-1/2"]
[WhiteTitle ""]
[BlackTitle ""]
[WhiteElo "2676"]
[BlackElo "2688"]
[WhiteFideId "25059530"]
[BlackFideId "2093596"]
[EventDate "2022.09.18"]

1. d4 Nf6 2. c4 e6 3. Nc3 Bb4 4. e3 O-O 5. Bd3 d5 6. cxd5 exd5 7. Ne2 b6 8. O-O
Bb7 9. Bd2 Bd6 10. Rc1 c5 11. dxc5 bxc5 12. Ng3 Nbd7 13. Nce2 Ne5 14. Bc3 Nxd3
15. Qxd3 g6 16. b3 h5 17. Nf4 Bxf4 18. exf4 d4 19. Bb2 h4 20. Ne2 Qd5 21. f3
Rfe8 22. Rf2 a5 23. Qd2 Ba6 24. Ba3 Rac8 25. h3 Nh5 26. Nc3 Qf5 27. Ne4 Nxf4 28.
Rxc5 Rxc5 29. Bxc5 d3 30. Qxa5 Ne2+ 31. Kh1 Qe5 32. Rf1 Bb7 33. Rd1 Bxe4 34.
fxe4 Nc3 35. Rxd3 Nxe4 36. Rd8 Ng3+ 37. Kh2 Ne2+ 38. Kh1 Ng3+ 39. Kh2 Ne4+ 40.
Kg1 Qa1+ 41. Kh2 Qe5+ 42. Kg1 Qa1+ 43. Kh2 Qe5+ 1/2-1/2

[Event "Julius Baer GC - Preliminari"]
[Site "Internet"]
[Date "20.09.2022"]
[Round "12"]
[White "Saric, Ivan"]
[Black "Navara, David"]
[Result "0-1"]
[WhiteTitle ""]
[BlackTitle ""]
[WhiteElo "2668"]
[BlackElo "2681"]
[WhiteFideId "14508150"]
[BlackFideId "309095"]
[EventDate "2022.09.18"]

1. e4 c6 2. d4 d5 3. e5 c5 4. Nf3 cxd4 5. Qxd4 Nc6 6. Qf4 e6 7. Bd3 Nb4 8. Nc3
Nxd3+ 9. cxd3 Ne7 10. h4 h5 11. Ne2 Nf5 12. Ng3 Nxg3 13. fxg3 Qb6 14. Bd2 Be7
15. g4 Bd7 16. Rc1 Bb5 17. Rc3 Qa6 18. Rc7 Qb6 19. Rxe7+ Kxe7 20. Bb4+ Kd8 21.
Ng5 Be8 22. Kd2 Rc8 23. gxh5 d4 24. Ba3 Qa5+ 25. Ke2 Rc2+ 26. Kf3 Bc6+ 27. Ne4
Rxh5 28. g4 Rxe5 29. Qxf7 Rxe4 30. Qf8+ Kc7 31. Qd6+ Kb6 32. dxe4 Qd2 33. Qb4+
Qxb4 34. Bxb4 Rxb2 35. Bf8 d3 36. Bxg7 Re2 37. Rb1+ Kc5 38. Rc1+ Kd6 39. Rd1
Bxe4+ 40. Kf4 Kd5 41. h5 e5+ 42. Kg3 Rxa2 43. g5 Rg2+ 44. Kh4 d2 45. g6 Bc2 46.
Rxd2+ Rxd2 0-1

[Event "Julius Baer GC - Preliminari"]
[Site "Internet"]
[Date "20.09.2022"]
[Round "12"]
[White "Ivanchuk, Vassily"]
[Black "Le, Quang Liem"]
[Result "0-1"]
[WhiteTitle ""]
[BlackTitle ""]
[WhiteElo "2678"]
[BlackElo "2728"]
[WhiteFideId "14100010"]
[BlackFideId "12401137"]
[EventDate "2022.09.18"]

1. d4 Nf6 2. c4 e6 3. Nc3 d5 4. Nf3 Bb4 5. e3 O-O 6. a3 Bxc3+ 7. bxc3 c5 8. Bb2
Nc6 9. Be2 cxd4 10. cxd4 Qa5+ 11. Nd2 Ne4 12. cxd5 exd5 13. f3 Nc3 14. Qb3 Nxe2
15. Kxe2 Be6 16. Bc3 Qa6+ 17. Kf2 Rfc8 18. Rhc1 Rc7 19. Bb4 Rac8 20. Qb2 Nxb4
21. axb4 Qd3 22. Rxc7 Rxc7 23. Rc1 Rxc1 24. Qxc1 h6 25. Qb2 Bd7 26. Nf1 Bb5 27.
Ng3 Bc4 28. h4 b6 29. h5 Kh7 30. e4 a5 31. bxa5 bxa5 32. Nf5 a4 33. Qb4 dxe4 34.
Qxa4 exf3 35. gxf3 Bb5 0-1

[Event "Julius Baer GC - Preliminari"]
[Site "Internet"]
[Date "20.09.2022"]
[Round "12"]
[White "Duda, Jan-Krzysztof"]
[Black "Adhiban, Baskarat"]
[Result "1-0"]
[WhiteTitle ""]
[BlackTitle ""]
[WhiteElo "2731"]
[BlackElo "2603"]
[WhiteFideId "1170546"]
[BlackFideId "5018471"]
[EventDate "2022.09.18"]

1. d4 f5 2. Bf4 Nf6 3. e3 g6 4. h4 h6 5. Nc3 Bg7 6. Bc4 d6 7. Qe2 a6 8. Nf3 b5
9. Bb3 Nc6 10. Ne5 Nxe5 11. dxe5 Ng4 12. Qf3 Rb8 13. Qd5 e6 14. exd6 cxd6 15.
Qxd6 Qxd6 16. Bxd6 Rb6 17. Rd1 Bb7 18. O-O Be5 19. Bc5 Rc6 20. Bd4 Ke7 21. Rfe1
Rd8 22. f3 Bxd4 23. exd4 Nf6 24. d5 Rcd6 25. Rxe6+ Rxe6 26. dxe6 Rxd1+ 27. Nxd1
Bd5 28. Kf2 Kxe6 29. Nc3 Bxb3 30. axb3 Ke5 31. g3 f4 32. g4 g5 33. hxg5 hxg5 34.
Ke2 Kd4 35. Kd2 b4 36. Ne2+ Kd5 37. Ng1 Kd4 38. Nh3 Nh7 39. c3+ Kd5 40. cxb4 Kd4
41. Ke2 Ke5 42. Kd3 Kd5 43. Kc3 Kc6 44. Kc4 Kb6 45. Nf2 Nf6 46. Kd4 Kb5 47. Nd3
Nd7 48. Ke4 1-0

[Event "Julius Baer GC - Preliminari"]
[Site "Internet"]
[Date "20.09.2022"]
[Round "12"]
[White "Wojtaszek, Radoslaw"]
[Black "Keymer, Vincent"]
[Result "0-1"]
[WhiteTitle ""]
[BlackTitle ""]
[WhiteElo "2696"]
[BlackElo "2693"]
[WhiteFideId "1118358"]
[BlackFideId "12940690"]
[EventDate "2022.09.18"]

1. d4 Nf6 2. Nf3 d5 3. g3 c6 4. c4 dxc4 5. a4 Bf5 6. Bg2 e6 7. O-O Bb4 8. Ne5
Be4 9. Bxe4 Nxe4 10. Nxc4 a5 11. Qd3 Nd6 12. Ne5 Nd7 13. Nf3 O-O 14. Bf4 Nf6 15.
Nc3 Nd5 16. Bd2 f5 17. Ne5 Ne4 18. Be1 Ng5 19. h4 Nf7 20. Nf3 Nd6 21. Bd2 Qe8
22. Ne5 Qh5 23. Rad1 Rad8 24. Qf3 Qxf3 25. Nxf3 Nc4 26. Nxd5 cxd5 27. Bxb4 axb4
28. b3 Na5 29. Rd3 Rc8 30. Re3 Rfe8 31. Rd1 Rc3 32. Rdd3 Rec8 33. Rxe6 Nxb3 34.
Rb6 Nc1 35. Rd2 b3 36. Rxb7 Rc2 37. Kf1 h6 38. a5 Ra2 39. Rxb3 Rxd2 40. Nxd2
Nxb3 41. Nxb3 Rc4 42. Ke1 Rb4 43. Nc5 Rxd4 44. a6 Rc4 45. Nd7 Ra4 46. Nb6 Ra1+
47. Kd2 Rxa6 48. Nd7 Kf7 49. Ne5+ Ke6 50. Nd3 Kd6 51. Ke3 Ra4 52. Kf3 g5 53.
hxg5 hxg5 54. Ke3 Re4+ 55. Kd2 d4 56. Ne1 Kd5 57. Nf3 g4 58. Nh4 Re6 59. Kd3 Ke5
60. Ng2 Ra6 61. Nf4 Ra3+ 62. Kd2 Kd6 63. Ng6 Kd5 64. Nf4+ Kc4 65. Ke1 Ra1+ 66.
Kd2 Ra2+ 67. Ke1 Kc3 68. Nd5+ Kb3 69. Kf1 Ra5 70. Nf4 Kc2 71. Kg2 Re5 0-1

[Event "Julius Baer GC - Preliminari"]
[Site "Internet"]
[Date "21.09.2022"]
[Round "13"]
[White "Keymer, Vincent"]
[Black "Giri, Anish"]
[Result "1/2-1/2"]
[WhiteElo "2693"]
[BlackElo "2764"]
[EventDate "2022.09.18"]

1. c4 c5 2. Nf3 Nf6 3. Nc3 e6 4. g3 d5 5. cxd5 exd5 6. d4 Nc6 7. a3 cxd4 8.
Nxd4 Bc5 9. Be3 Bb6 10. Bg2 O-O 11. O-O Re8 12. Na4 Bxd4 13. Bxd4 Nxd4 14.
Qxd4 Rxe2 15. Nc3 Rxb2 16. Nxd5 Rb5 17. Rfd1 Be6 18. Nxf6+ Qxf6 19. Qxf6
gxf6 20. Rab1 Ra5 21. Rxb7 Rc8 22. h4 Rxa3 23. Rd4 Kg7 24. Rd6 Rc1+ 25. Kh2
Re1 26. Bd5 Bxd5 27. Rxd5 Ra2 28. Kg2 Ree2 29. Rf5 Kg6 30. Rf4 h5 31. Rc7
Rec2 32. Rxc2 Rxc2 33. Ra4 Rc7 34. Kf3 f5 35. Ra6+ f6 36. Ra5 Re7 37. Kf4
Rb7 38. Kf3 Rd7 39. Ke3 Re7+ 40. Kf4 Rb7 41. Kf3 Rd7 42. Ke3 Re7+ 43. Kf4
1/2-1/2

[Event "Julius Baer GC - Preliminari"]
[Site "Internet"]
[Date "21.09.2022"]
[Round "13"]
[White "Carlsen, Magnus"]
[Black "Yoo, Christopher"]
[Result "1-0"]
[WhiteElo "2861"]
[BlackElo "2563"]
[EventDate "2022.09.18"]

1. d4 Nf6 2. c4 e6 3. Nc3 Bb4 4. a3 Bxc3+ 5. bxc3 O-O 6. f3 Nh5 7. Nh3 f5
8. Bg5 Qe8 9. g4 Nf6 10. gxf5 exf5 11. Rg1 d6 12. Nf4 Nc6 13. Kf2 Nh5 14.
c5 dxc5 15. e3 Kh8 16. Bc4 h6 17. Nxh5 Qxh5 18. Bf4 g5 19. Bxc7 f4 20. exf4
Qxh2+ 21. Rg2 Qh4+ 22. Kg1 Bh3 23. Rh2 gxf4 24. Kh1 Rac8 25. Bd6 Rf6 26.
dxc5 Rg6 27. Qe2 Qg3 28. Re1 Rg5 29. Qf2 Qxf2 30. Rxf2 Bd7 31. Rh2 h5 32.
Rg1 Rxg1+ 33. Kxg1 Be8 34. Rg2 b6 35. Rg8+ Kh7 36. Rg5 Bg6 37. Bb5 Na5 38.
Re5 Nc6 39. Re6 bxc5 40. Bxf4 Rg8 41. Kf2 Nd8 42. Rd6 Bf5 43. Bc4 Rh8 44.
Bg5 Nb7 45. Rf6 Bc8 46. f4 Kg7 47. f5 h4 48. Rf7+ 1-0

[Event "Julius Baer GC - Preliminari"]
[Site "Internet"]
[Date "21.09.2022"]
[Round "13"]
[White "Adhiban, Baskarat"]
[Black "Gelfand, Boris"]
[Result "1/2-1/2"]
[WhiteElo "2603"]
[BlackElo "2668"]
[EventDate "2022.09.18"]

1. b3 e5 2. Bb2 Nc6 3. e3 g6 4. Nf3 Bg7 5. c4 d6 6. Be2 Nf6 7. d3 O-O 8.
Nc3 d5 9. cxd5 Nxd5 10. Nxd5 Qxd5 11. O-O Rd8 12. a3 a5 13. Qc2 Be6 14. Nd2
f5 15. Rac1 e4 16. d4 Qd7 17. f3 exf3 18. Bxf3 Bd5 19. Kh1 Bxf3 20. Nxf3
Qd5 21. g4 fxg4 22. e4 Qh5 23. d5 Bxb2 24. dxc6 b6 25. Qxb2 gxf3 26. Qc3
Rf8 27. Rcd1 Rf7 28. Qc4 Raf8 29. Rd3 Qc5 30. Qxc5 bxc5 31. Rd7 Rb8 32. e5
Re8 33. Rd5 c4 34. bxc4 a4 35. Kg1 Re6 36. Ra5 Rf4 37. Rxa4 Rxe5 38. Ra7
Rf7 39. Kf2 Re2+ 40. Kg3 Rg2+ 41. Kh3 Rg5 42. Rb7 Rc5 43. Rb3 f2 44. Kg2
Rg5+ 45. Rg3 Rc5 46. Rxf2 Rxc4 47. Rxf7 Kxf7 48. Rd3 Rxc6 49. Rd7+ Ke6 50.
Rxh7 Rc3 51. a4 c5 52. a5 Ra3 53. Rg7 Kf5 54. Ra7 Kg4 55. a6 Ra2+ 56. Kf1
Rxh2 57. Rc7 Ra2 58. Rxc5 Rxa6 59. Rc3 g5 60. Kg1 Ra2 61. Rb3 Kf4 62. Rc3
Re2 63. Rb3 Re3 64. Rxe3 Kxe3 65. Kg2 Kf4 66. Kf2 g4 67. Kg2 g3 68. Kg1 Kf3
69. Kf1 g2+ 70. Kg1 Kg3 1/2-1/2

[Event "Julius Baer GC - Preliminari"]
[Site "Internet"]
[Date "21.09.2022"]
[Round "13"]
[White "Le, Quang Liem"]
[Black "Duda, Jan-Krzysztof"]
[Result "1/2-1/2"]
[WhiteElo "2728"]
[BlackElo "2731"]
[EventDate "2022.09.18"]

1. d4 Nf6 2. c4 e6 3. Nf3 d5 4. Nc3 Be7 5. Bf4 O-O 6. e3 b6 7. Bd3 dxc4 8.
Bxc4 Ba6 9. Qe2 Bxc4 10. Qxc4 c5 11. dxc5 Bxc5 12. O-O Nbd7 13. Rfd1 Qc8
14. Ne5 Nxe5 15. Bxe5 Be7 16. Qa4 a6 17. Ne4 b5 18. Nxf6+ Bxf6 19. Qf4 Bxe5
20. Qxe5 Rd8 21. Qe4 Ra7 22. Rac1 Rad7 23. Qb1 Rxd1+ 24. Rxd1 g6 25. g3 a5
26. a3 b4 27. axb4 axb4 28. Rxd8+ Qxd8 29. Qe4 Qd2 30. Qe5 Qc1+ 31. Kg2
Qc6+ 32. Kg1 Qc1+ 33. Kg2 Qc6+ 34. Kg1 Qc1+ 1/2-1/2

[Event "Julius Baer GC - Preliminari"]
[Site "Internet"]
[Date "21.09.2022"]
[Round "13"]
[White "Navara, David"]
[Black "Ivanchuk, Vassily"]
[Result "1/2-1/2"]
[WhiteElo "2681"]
[BlackElo "2678"]
[EventDate "2022.09.18"]

1. e4 e6 2. d4 d5 3. Nd2 c5 4. Ngf3 Nc6 5. exd5 exd5 6. Bb5 Qe7+ 7. Be2 Qc7
8. O-O Nf6 9. dxc5 Bxc5 10. Nb3 Be7 11. Bg5 h6 12. Bh4 O-O 13. Re1 Rd8 14.
c3 Bf5 15. Nfd4 Be4 16. f3 Bg6 17. Bd3 Ne5 18. Nb5 Qb6+ 19. Bf2 Qxf2+ 20.
Kxf2 Nxd3+ 21. Kg1 Nxe1 22. Qxe1 Bf8 23. Qd2 a6 24. N5d4 Nd7 25. Na5 Nb6
26. Re1 Nc4 27. Nxc4 dxc4 28. Qe2 Rac8 29. h4 b5 30. a3 Rd5 31. Qf2 Bc5 32.
Kh1 a5 33. Qd2 b4 34. axb4 axb4 35. Rc1 Rcd8 36. Qe1 bxc3 37. bxc3 Bxd4 38.
cxd4 Rxd4 39. Qe7 Rc8 40. Rc3 h5 41. Kh2 Kh7 42. Kg3 Rc6 43. Qb7 Rc5 44.
Qb4 Rc8 45. Qb7 Rcd8 46. Qc7 R8d7 47. Qc5 R7d5 48. Qc7 Rd7 49. Qc5 R7d5 50.
Qc7 Rd7 1/2-1/2

[Event "Julius Baer GC - Preliminari"]
[Site "Internet"]
[Date "21.09.2022"]
[Round "13"]
[White "Niemann, Hans"]
[Black "Saric, Ivan"]
[Result "0-1"]
[WhiteElo "2688"]
[BlackElo "2668"]
[EventDate "2022.09.18"]

1. d4 Nf6 2. c4 g6 3. Nc3 Bg7 4. e4 d6 5. h3 e5 6. d5 a5 7. g4 Na6 8. Nge2
Nd7 9. Be3 Bf6 10. Qd2 h6 11. O-O-O Bg5 12. f4 exf4 13. Nxf4 Ne5 14. Be2
Bd7 15. Kb1 Qe7 16. Nb5 b6 17. Ka1 Bxb5 18. cxb5 Nc5 19. Qc2 O-O-O 20. Bxc5
dxc5 21. Nd3 Bf6 22. Rhf1 Rd6 23. Rf2 Nxd3 24. Bxd3 h5 25. Rdf1 hxg4 26.
hxg4 Qe5 27. a3 Kb8 28. Ka2 Rh3 29. Bc4 Rg3 30. Be2 Re3 31. Bd3 Qd4 32. Rd1
c4 33. Bxc4 Qxe4 34. Qxe4 Rxe4 35. Be2 Be5 36. Bf3 Rf4 37. Re2 Bxb2 38.
Kxb2 Rxf3 39. Re8+ Kb7 40. Re7 Kc8 41. a4 Kd8 42. Re4 Rdf6 43. Rde1 Rf2+
44. Kc3 R6f3+ 45. Kd4 Rd2+ 46. Kc4 Rc2+ 47. Kd4 Rd2+ 48. Kc4 Ra2 49. d6
Rxa4+ 0-1

[Event "Julius Baer GC - Preliminari"]
[Site "Internet"]
[Date "21.09.2022"]
[Round "13"]
[White "Aronian, Levon"]
[Black "Praggnanandhaa, Rameshbabu"]
[Result "1-0"]
[WhiteElo "2759"]
[BlackElo "2676"]
[EventDate "2022.09.18"]

1. c4 c5 2. Nc3 Nf6 3. Nf3 Nc6 4. e3 e6 5. b3 d5 6. cxd5 exd5 7. Bb2 d4 8.
Na4 Bd7 9. Rc1 b6 10. exd4 Nxd4 11. Nxd4 cxd4 12. Bxd4 Be7 13. Bb2 O-O 14.
Be2 Nd5 15. O-O Nf4 16. Bf3 Rc8 17. Rxc8 Bxc8 18. Qa1 f6 19. d4 Qd7 20. Bc1
Bd6 21. Bxf4 Bxf4 22. Rd1 Ba6 23. g3 Bd6 24. Nc5 bxc5 25. dxc5 Be5 26. Rxd7
Bxa1 27. Rxa7 Bd3 28. a4 Re8 29. h4 Bc3 30. c6 g5 31. hxg5 fxg5 32. Rd7 Ba6
33. Bd5+ Kh8 34. c7 Ba5 35. b4 Bxb4 36. Rd8 Rf8 37. Bc4 Bc8 38. a5 Kg7 39.
Rd5 h6 40. a6 Be1 41. f4 gxf4 42. a7 Bb7 43. Rd8 Bb4 44. Rxf8 Bc5+ 45. Kf1
1-0

[Event "Julius Baer GC - Preliminari"]
[Site "Internet"]
[Date "21.09.2022"]
[Round "14"]
[White "Giri, Anish"]
[Black "Praggnanandhaa, Rameshbabu"]
[Result "1/2-1/2"]
[WhiteElo "2764"]
[BlackElo "2676"]
[EventDate "2022.09.18"]

1. e4 c5 2. Nf3 Nc6 3. Bb5 e6 4. O-O Nge7 5. Re1 a6 6. Bf1 d5 7. exd5 Nxd5
8. d4 Nf6 9. Be3 cxd4 10. Nxd4 Bd7 11. c4 Ne5 12. h3 Be7 13. Nc3 O-O 14.
Qb3 Qc7 15. Rac1 Rac8 16. Na4 Rcd8 17. Qb6 Qc8 18. Qa5 Qb8 19. b4 Be8 20.
b5 axb5 21. Nxb5 Nd3 22. Bxd3 Rxd3 23. Rcd1 Rxd1 24. Rxd1 Bc6 25. Na7 Be4
26. Nc3 Bg6 27. c5 Ne4 28. c6 bxc6 29. Nxc6 Qe8 30. Nxe7+ Qxe7 31. Nxe4
Bxe4 32. Qe5 Ba8 33. Bc5 Qb7 34. f3 Re8 35. Qd6 h6 36. Qb6 Qxb6 37. Bxb6
Bc6 38. Rd8 Rxd8 39. Bxd8 e5 40. a3 f6 41. h4 Kf7 42. Kf2 Ke6 43. g3 h5 44.
Ba5 g6 45. Bb4 f5 46. f4 exf4 47. gxf4 Kd5 48. Ke3 Kc4 49. Be7 Bb5 50. Bb4
Bc6 51. Be7 Bb5 52. Bb4 Bc6 1/2-1/2